অপারেশন সুন্দরবন : (Record no. 13918)
[ view plain ]
| 000 -LEADER | |
|---|---|
| fixed length control field | 00734nam a2200229 a 4500 |
| 001 - CONTROL NUMBER | |
| JCCL Control Number | 13918 |
| 003 - CONTROL NUMBER IDENTIFIER | |
| JCCL marc code | BD-JhCC |
| 005 - DATE AND TIME OF LATEST TRANSACTION | |
| control field | 20240515095846.0 |
| 008 - FIXED-LENGTH DATA ELEMENTS--GENERAL INFORMATION | |
| fixed length control field | 240515b2022 b a|||| ||a| 000 0 b d |
| 020 ## - INTERNATIONAL STANDARD BOOK NUMBER | |
| International Standard Book Number | 9789849687115 |
| 035 ## - SYSTEM CONTROL NUMBER | |
| system control number | (BD-JhCC)13918 |
| 040 ## - CATALOGING SOURCE | |
| Original cataloging agency | BD-JhCC |
| Modifying agency | BD-JhCC |
| 041 ## - LANGUAGE CODE | |
| Language code of Book | bengali |
| 082 ## - DEWEY DECIMAL CLASSIFICATION NUMBER | |
| Classification number | 891.4435 |
| Author mark and Year | OPE 2022 |
| 245 ## - TITLE STATEMENT | |
| Title | অপারেশন সুন্দরবন : |
| Remainder of title | পর্দায় না-বলা গল্প / |
| Statement of responsibility, etc | সম্পা: খায়রুল বাবুই । |
| 260 ## - PUBLICATION, DISTRIBUTION, ETC. (IMPRINT) | |
| Place of publication, distribution, etc | ঢাকা: |
| Name of publisher, distributor, etc | কবি; |
| Date of publication, distribution, etc | 2022. |
| 300 ## - PHYSICAL DESCRIPTION | |
| Pagination | 88 p. : |
| Other physical details | ill; |
| Dimensions | 22 cm. |
| 650 ## - SUBJECT ADDED ENTRY--TOPICAL TERM | |
| Topical term or geographic name as entry element | Bengali Short Sotreis. |
| 700 ## - ADDED ENTRY--PERSONAL NAME | |
| Personal name | বাবুই,খায়রুল |
| 942 ## - ADDED ENTRY ELEMENTS (KOHA) | |
| Source of classification or shelving scheme | Dewey Decimal Classification |
| Koha item type | Books |
| Source of classification or shelving scheme | Damaged status | Not for loan | Home library | Current library | Shelving location | Date of accession | Cost, normal purchase price | Full call number | Barcode | Date last seen | Copy number | Method of acquisition | Koha item type | Currency | Total Checkouts | Date checked out |
|---|---|---|---|---|---|---|---|---|---|---|---|---|---|---|---|---|
| Dewey Decimal Classification | JCC Rouf Library | JCC Rouf Library | General Stacks | 250.00 | 891.4435 OPE 2022 | 19491 | 05/15/2024 | C-1 | Purchase | Books | BDT | |||||
| Dewey Decimal Classification | JCC Rouf Library | JCC Rouf Library | General Stacks | 250.00 | 891.4435 OPE 2022 | 19492 | 05/15/2024 | C-2 | Purchase | Books | BDT | |||||
| Dewey Decimal Classification | JCC Rouf Library | JCC Rouf Library | General Stacks | 250.00 | 891.4435 OPE 2022 | 19493 | 09/24/2024 | C-3 | Purchase | Books | BDT | 1 | 08/22/2024 | |||
| Dewey Decimal Classification | JCC Rouf Library | JCC Rouf Library | General Stacks | 250.00 | 891.4435 OPE 2022 | 19494 | 09/03/2024 | C-4 | Purchase | Books | BDT | 1 | 08/25/2024 | |||
| Dewey Decimal Classification | JCC Rouf Library | JCC Rouf Library | General Stacks | 250.00 | 891.4435 OPE 2022 | 19495 | 09/16/2024 | C-5 | Purchase | Books | BDT | 2 | 09/10/2024 |